| 000 | 00759nam a2200205 a 4500 | ||
|---|---|---|---|
| 003 | 0 | ||
| 005 | 20250228092700.0 | ||
| 008 | 100819s19uu xx 00 eng d | ||
| 050 |
_aPGS BF 724.3.S86 _b.N163 2010 |
||
| 100 | _aNakamura, Sherikka. | ||
| 245 |
_aCoping strategies for teenage stress / _cSherikka Nakamura. |
||
| 260 |
_aLas PiƱas City, Philippines : _bSouthville International School and Colleges, _c2010. |
||
| 300 |
_a30 pages : _b illustrations ; _c28 cm. |
||
| 504 | _aIncludes bibliographical references. | ||
| 650 |
_aStress in adolescence _vCoping strategies. |
||
| 650 | _aPsychological resilience in teenagers. | ||
| 650 |
_aAdolescent psychology _vStress management. |
||
| 650 |
_aTeenagers _vMental health. |
||
| 942 |
_2lcc _cPASS |
||
| 999 |
_c98396 _d98396 |
||